[Event "FRA-chT U20 GpB 1213"]
[Site "France"]
[Date "2013.01.06"]
[Round "7"]
[White "Grimaldi, Antonin"]
[Black "Beneteau Desmoulieres, Elian"]
[Result "0-1"]
[WhiteElo "1266"]
[BlackElo "1200"]
[PlyCount "90"]
[EventDate "2012.12.01"]
[EventType "team"]
[EventRounds "7"]
[EventCountry "FRA"]
[SourceTitle "EXT 2014"]
[Source "ChessBase"]
[SourceDate "2013.11.20"]
[SourceVersion "1"]
[SourceVersionDate "2013.11.20"]
[SourceQuality "1"]
[WhiteTeam "Villepinte (U20)"]
[BlackTeam "Agneaux Saint Lo (U20)"]
[WhiteTeamCountry "FRA"]
[BlackTeamCountry "FRA"]

1. e4 c5 2. d3 Nc6 3. Nc3 Nf6 4. g3 e6 5. Bg2 Be7 6. Nf3 0-0 7. 0-0 d5 8. Bf4 Bd7 9. exd5 exd5 10. h3 Re8 11. Ne2 Qb6 12. b3 Nd4 13. Nexd4 cxd4 14. Be5 Rac8 15. Bxd4 Bc5 16. Bxc5 Rxc5 17. Re1 Rxe1+ 18. Qxe1 Rxc2 19. Ne5 Bf5 20. Ng4 Bxg4 21. hxg4 h6 22. Bh1 Nxg4 23. Bxd5 Rxf2 24. Qe8+ Kh7 25. Qe4+ Rf5+ 26. d4 Qg6 27. Bxb7 Nf6 28. Qd3 Rg5 29. Qxg6+ Rxg6 30. Kf2 Rg4 31. Rd1 Kg6 32. a4 a5 33. Kg2 Nh5 34. Rd3 f5 35. Bc8 Kf6 36. d5 Nf4+ 37. Kf3 Nxd3 38. d6 Rb4 39. Kg2 Rxb3 40. Kh2 Ra3 41. Bxf5 Ne5 42. Bh3 Rd3 43. d7 Nxd7 44. Kg2 Ne5 45. Kf2 g5 0-1

[Event "FRA-chT U20"]
[Site "France"]
[Date "2012.05.27"]
[Round "?"]
[White "Bellahcene, Meriem"]
[Black "Grimaldi, Antonin"]
[Result "1/2-1/2"]
[WhiteElo "1482"]
[BlackElo "1287"]
[PlyCount "145"]
[EventDate "2012.05.26"]
[EventType "team-swiss"]
[EventRounds "9"]
[EventCountry "FRA"]
[SourceTitle "EXT 2014"]
[Source "ChessBase"]
[SourceDate "2013.11.20"]
[SourceVersion "1"]
[SourceVersionDate "2013.11.20"]
[SourceQuality "1"]

1. e4 e5 2. Nf3 Nc6 3. d4 exd4 4. Nxd4 Bc5 5. Nb3 Bb6 6. Nc3 Qf6 7. Qe2 Nge7 8. Be3 Nd4 9. Nxd4 Bxd4 10. Bd2 0-0 11. 0-0-0 Qxf2 12. Qxf2 Bxf2 13. Bf4 d6 14. e5 dxe5 15. Bxe5 Bb6 16. h3 Bf5 17. g4 Bg6 18. h4 h6 19. Rd7 Be3+ 20. Kb1 Rfe8 21. Bxc7 Nc6 22. Bd3 Bd2 23. Bxg6 fxg6 24. Rxd2 Re7 25. Bf4 Rae8 26. Rdd1 Kf7 27. Bc1 Ke6 28. Rhe1+ Kf7 29. Rxe7+ Rxe7 30. Rf1+ Kg8 31. a3 Nd4 32. Nd5 Re2 33. Ne3 Rh2 34. g5 Rxh4 35. gxh6 gxh6 36. Bd2 g5 37. Bc3 Ne2 38. Bf6 Re4 39. Nf5 Kh7 40. Rh1 Kg6 41. Rf1 Rf4 42. Ne7+ Kf7 43. Rxf4 Nxf4 44. Bxg5 hxg5 45. Nf5 Kg6 46. Ng3 g4 47. Kc1 Kg5 48. Kd2 Kh4 49. Nf1 g3 50. Ne3 g2 51. Nxg2+ Nxg2 52. Kc3 Kg5 53. Kc4 Kf6 54. Kb5 Ke7 55. b4 Ne3 56. c4 Kd6 57. c5+ Kc7 58. Ka5 Nc4+ 59. Ka4 Kc6 60. Kb3 Kb5 61. a4+ Kc6 62. Kxc4 a6 63. b5+ axb5+ 64. axb5+ Kc7 65. Kd5 Kd7 66. c6+ bxc6+ 67. bxc6+ Kc7 68. Kc5 Kc8 69. Kb5 Kc7 70. Kc5 Kc8 71. Kd6 Kd8 72. c7+ Kc8 73. Kc6 1/2-1/2

[Event "FRA-chT U20 1112"]
[Site "France"]
[Date "2011.12.18"]
[Round "5"]
[White "Grimaldi, Antonin"]
[Black "Dodart, Marion"]
[Result "1-0"]
[WhiteElo "1470"]
[BlackElo "1410"]
[PlyCount "63"]
[EventDate "2011.12.03"]
[EventType "team-swiss"]
[EventRounds "7"]
[EventCountry "FRA"]
[SourceTitle "EXT 2013"]
[Source "ChessBase"]
[SourceDate "2012.11.22"]
[SourceVersion "1"]
[SourceVersionDate "2012.11.22"]
[SourceQuality "1"]

1. e4 c5 2. Nc3 Nc6 3. f4 d6 4. Bc4 Nf6 5. Nf3 Bg4 6. 0-0 e6 7. a3 d5 8. Ba2 c4 9. d3 Nd4 10. dxc4 Bc5 11. Kh1 dxe4 12. b4 Bb6 13. c5 Bc7 14. Qxd4 exf3 15. Qxd8+ Rxd8 16. gxf3 Bh5 17. Bb2 Bxf4 18. Ne4 Nxe4 19. fxe4 e5 20. Bc1 Bd2 21. b5 Bc3 22. Rb1 0-0 23. c6 bxc6 24. bxc6 Rc8 25. Rb7 Bd4 26. Bd5 Rfd8 27. Bxf7+ Bxf7 28. Rfxf7 Rxc6 29. Rxg7+ Kf8 30. Rxh7 Rg6 31. Rh8+ Rg8 32. Bh6+ 1-0

[Event "FRA-chT U20 1112"]
[Site "France"]
[Date "2011.12.18"]
[Round "5"]
[White "Lefebvre, Matthieu"]
[Black "Grimaldi, Antonin"]
[Result "1/2-1/2"]
[WhiteElo "1460"]
[BlackElo "1470"]
[PlyCount "83"]
[EventDate "2011.12.03"]
[EventType "team-swiss"]
[EventRounds "7"]
[EventCountry "FRA"]
[SourceTitle "EXT 2013"]
[Source "ChessBase"]
[SourceDate "2012.11.22"]
[SourceVersion "1"]
[SourceVersionDate "2012.11.22"]
[SourceQuality "1"]

1. e4 e5 2. Nf3 Nc6 3. Nc3 Bc5 4. Bc4 Nf6 5. d3 d6 6. Bg5 h6 7. Bh4 g5 8. Bg3 Be6 9. Bxe6 fxe6 10. h3 Qd7 11. Qd2 0-0-0 12. 0-0-0 Bb4 13. d4 Bxc3 14. Qxc3 Nxe4 15. Qe3 Nxg3 16. fxg3 exd4 17. Nxd4 e5 18. Nxc6 Qxc6 19. Qxa7 Qxg2 20. Rdg1 Qc6 21. Rf1 Rhf8 22. Rxf8 Qxh1+ 23. Kd2 Rxf8 24. Qa8+ Kd7 25. Qxf8 Qxh3 26. Qf7+ Kc6 27. Qc4+ Kb6 28. Qb3+ Ka7 29. Qa4+ Kb8 30. Qe8+ Qc8 31. Qh5 Qf8 32. Ke2 d5 33. Ke3 Qc5+ 34. Kf3 Qxc2 35. Qe8+ Ka7 36. Qxe5 Qd1+ 37. Kg2 Qd2+ 38. Kh3 h5 39. Qxc7 Qxb2 40. Qa5+ Kb8 41. Qd8+ Ka7 42. Qa5+ 1/2-1/2

[Event "FRA-chT U20 1112"]
[Site "France"]
[Date "2011.12.17"]
[Round "4"]
[White "Grimaldi, Antonin"]
[Black "Gestin, Arthur"]
[Result "1-0"]
[WhiteElo "1470"]
[BlackElo "1360"]
[PlyCount "61"]
[EventDate "2011.12.03"]
[EventType "team-swiss"]
[EventRounds "7"]
[EventCountry "FRA"]
[SourceTitle "EXT 2013"]
[Source "ChessBase"]
[SourceDate "2012.11.22"]
[SourceVersion "1"]
[SourceVersionDate "2012.11.22"]
[SourceQuality "1"]

1. e4 e5 2. Nf3 Nc6 3. Bc4 Be7 4. 0-0 Nf6 5. d3 0-0 6. Bg5 d6 7. h3 h6 8. Bh4 Nh5 9. Bxe7 Qxe7 10. Nc3 Nf4 11. Nd5 Nxd5 12. Bxd5 Nb4 13. Bc4 c6 14. Re1 d5 15. exd5 cxd5 16. Rxe5 Qc5 17. c3 f6 18. cxb4 Qxb4 19. Rxd5 Kh8 20. Rb5 Qd6 21. Bd5 Rb8 22. Qb3 b6 23. Re1 Bd7 24. Rb4 a5 25. Rd4 b5 26. Be6 Qxe6 27. Rxe6 Bxe6 28. Qxe6 Rfe8 29. Qf7 Re2 30. Rd7 Rg8 31. Nh4 1-0